Music Quiz

Random Music or Clickable Quiz

The Sporcle Category Playlists Quiz Stats

 Plays Quiz Updated Jul 11, 2018

Challenge
Share
Tweet
Embed
Score 0/45 Timer 04:00
0 Plays Today
% Correct
Sports
83.3%
Music
82.3%
Science
82.2%
Holiday
81.7%
Geography
81.2%
Science
81%
Sports
80.9%
Gaming
80.7%
Geography
80.6%
Television
80.5%
Holiday
80.4%
Music
80.4%
Holiday
80%
Geography
79.9%
Gaming
79.5%
Sports
79.1%
Religion
78.9%
History
78.7%
Movies
76.5%
Literature
76.4%
Language
75.9%
Miscellaneous
75.7%
Miscellaneous
75.6%
% Correct
Television
75.5%
Language
74.7%
Just For Fun
74.6%
Just For Fun
74.6%
Science
74.3%
Music
73.2%
Religion
73.2%
Movies
72.5%
Language
72.3%
History
72.2%
Literature
71.5%
Movies
71.1%
Entertainment
68.6%
Entertainment
67.5%
Miscellaneous
67.5%
Just For Fun
65.6%
Television
64.3%
Religion
63.8%
Gaming
63.6%
Entertainment
60.1%
History
59.9%
Literature
51.5%

You're not logged in!

Compare scores with friends on all Sporcle quizzes.
Join for Free
OR
Log In

You Might Also Like...

Show Comments

Extras

Top Quizzes Today


Score Distribution

Your Account Isn't Verified!

In order to create a playlist on Sporcle, you need to verify the email address you used during registration. Go to your Sporcle Settings to finish the process.

Report this User

Report this user for behavior that violates our Community Guidelines.

Details: